| 000 | 00985nam0a2200277 4500 | ||
|---|---|---|---|
| 001 | RU\NLR\b_ik\196769 | ||
| 005 | 20250616231309.0 | ||
| 010 | _a978-5-91976-021-4 | ||
| 035 | _a(NLR Aleph) 002269166 | ||
| 090 |
_a3926314 _c3926314 |
||
| 100 | _a20131026d2012 |||y0rusy50 ca | ||
| 101 | 0 | _aeng | |
| 102 | _aRU | ||
| 105 | _aa ||||||||| | ||
| 200 | 1 |
_aGuidebook for the development of practical wisdom _efor those who want to live well _fGrigor Khachaturov |
|
| 210 |
_aMoscow _cДПК пресс _d2012 |
||
| 215 |
_a270 с. _cил. _d21 |
||
| 541 | 1 | _aРуководство для развития жизненной мудрости | |
| 606 | 1 |
_aОбраз жизни _xОптимизация _92158024 _3RU\NLR\AUTH\661298977 |
|
| 686 | 1 | _aС550.47 | |
| 686 | 1 | _aС550.354 | |
| 700 | 1 |
_aChačaturov _bG. _gGrigor _4070 |
|
| 801 | 0 |
_aRU _bNLR _c20120724 _gRCR |
|
| 942 | _cBOOK | ||
| 980 | _aNB | ||